| 000 | 00538nam a2200181Ia 4500 | ||
|---|---|---|---|
| 003 | GCL | ||
| 008 | 140319s9999 xx 000 0 ara d | ||
| 040 |
_aGCL / _cGCL |
||
| 082 | 0 | 4 |
_a070.172 _bن ن |
| 100 | 1 | _aمدكور ثابت | |
| 245 | 1 | 0 |
_aنشرات السينما فى مصر: اتجاهات نقدية / _cمدكور ثابت |
| 700 | 1 | _aناجى فوزى | |
| 300 | _a506 ص | ||
| 490 |
_aملفات السينما _v0 |
||
| 650 | 0 | 4 | _aالصحافة والسينما |
| 650 | 0 | 4 | _aالسينما - نقد |
| 942 |
_2ddc _cBK |
||
| 999 |
_c47488 _d47488 |
||